000 01849nam a2200361 i 4500
003 DO-SdBNP
005 20250219114256.0
006 a||||gr|||| 00| 0
007 ta
008 240805e1992 dr aobc| |||| 00| e spa d
040 _aDO-SdBNP
_bspa
_cBNPHU
_erda
082 4 _222
_bD278
100 _aDe Windt Lavandier, César A.
_eautor
_986225
245 1 0 _aLa marina en la guerra de independencia dominicana /
_cCésar A. De Windt lavandier, Víctor Francisco García Alecont, Albérico Ventura Domínguez; editado por Mario Guzmán Tejeda.
264 1 _aSanto Domingo :
_bBANCREDITO,
_c1992
300 _a80 páginas :
_bilustraciones, fotografías, mapas, retratos ;
_c21 cm.
336 _2rdacontent
_atexto
_btxt
337 _2rdamedia
_asin mediación
_bn
338 _2rdacarrier
_avolumen
_bnc
490 _aHistoria CENAPEC ;
_v8
500 _aIncluye Glosario de términos marinos.
504 _aBibliografía : página 80.
505 _aCapítulo I.
_tAntecedentes.--
_gCapítulo II.
_tLos marinos dominicanos: Tiburones en acecho.--
_gCapítulo III.
_tLa gran Batalla Naval de Puerto Tortuguero.--
_gCapítulo IV.
_tLa Marina de Guerra en las campañas terrestres.--
_gCapítulo V.
_tContraofensiva marítima hacia Haití.--
_gCapítulo VI.
_tLa Infantería de Marina en Santome y Sabana larga.--
_tBiografías.
590 _aInventariado 2024 / MF
650 4 _aMarina de Guerra
_xHistoria 1844-
_zRepública Dominicana
_916023
651 4 _aRepública Dominicana
_xHistoria
_yMarina de Guerra 1844-
_984016
700 1 _aGarcía Alecont, Víctor Francisco,
_914304
_eautor
700 1 _aVentura Domínguez, Albérico,
_eautor
_986226
700 1 _aGuzmán Tejeda, Mario,
_eeditor
_986227
710 2 _aBanco Nacional de Crédito
_938455
710 2 _aCentros APEC de Educación a Distancia (República Dominicana)
_923585
942 _2ddc
_cLBS1
999 _c57381
_d57381